Tilastot visalle Sanat - "Aikuinen nainen" - Paula Koivuniemi

Klikkaa tästä pelataksesi tätä visaa!

Yleistilastot

  • Tätä visaa on pelattu 328 kertaa
  • Keskiarvotulos 92 / 142

Vastaustilastot

Sanat% Oikein
Aikuinen
99%
nainen
99%
97%
oon
96%
En
92%
en
92%
maailman
84%
tää
84%
enää
82%
tuuliin
82%
vahvistukoon
80%
me
79%
Liittomme
78%
eksy
77%
Kaiken
77%
rakkauden
77%
tuntee
75%
Toisiamme
74%
tukekaamme
74%
Aikuisen
73%
jaamme
73%
naisen
73%
arvon
72%
matkaa
72%
alkanutta
71%
Hyvin
71%
jatkaa
71%
Tahdo
71%
tahdo
71%
sydänystäväksi
69%
Tahtoisin
68%
Sua
67%
tarvitsen
67%
riistää
66%
kiistää
64%
vapauttas
63%
Kun
59%
itsenäisyyttäsi
57%
suo
55%
rakkaus
54%
tuo
54%
estää
53%
kestää
53%
Jos
51%
jos
51%
emme
50%
muurin
50%
vaikeudet
50%
aika
49%
anna
49%
suojaavan
49%
tiellemme
49%
saan
48%
Voimaa
48%
Minkään
47%
pitää
47%
sun
47%
Onnesta
46%
teemme
45%
luovun
43%
luonain
40%
Paljosta
39%
Onnemme
37%
laineet
30%
Meitä
30%
eivät
29%
kaada
29%
Kestämme
29%
enkä
28%
paineet
27%
pelkää
27%
sinut
23%
taistelen
23%
käännä
22%
Selkääni
21%
suojaan
20%
viedä
20%
vien
20%
Onnestani
19%
Toisista
18%
Tuulilta
18%
huolehtien
17%

Tulosjakauma

Persentiili vastausten määrän mukaan

Jokaisen tuloksen saaneiden osuus

Tuloshistoriasi

Et ole pelannut tätä visaa